Les joueurs français en Premier League - Statistiques

Statistiques générales
  • Ce quiz a été pris 945 fois
  • Le résultat moyen est 9 sur 22
Statistiques - réponses
matchs Clubs joueur % Correct
258 Arsenal Henry
92%
251 Tottenham Lloris
79%
307 Arsenal, Manchester City Vieira
75%
215 Arsenal, Manchester City Nasri
74%
198 Arsenal Pirès
63%
364 Arsenal, Liverpool, Manchester City, Bolton, Chelsea, West Brom Anelka
62%
273 Manchester United Evra
60%
325 Arsenal, Manchester City Clichy
59%
229 Chelsea, Arsenal Giroud
59%
267 Arsenal, Manchester City Sagna
59%
321 Chelsea, Arsenal, Tottenham Gallas
44%
213 Arsenal Koscielny
39%
195 Newcastle, Tottenham, Aston Villa, Everton Ginola
33%
289 Newcastle, Manchester United, Everton, Tottenham, Sunderland, Fulham Saha
27%
178 Arsenal, Crystal Palace Flamini
24%
275 Manchester United, Arsenal Silvestre
18%
469 Newcastle, Manchester City, Portsmouth, Everton, Bournemouth Distin
17%
196 Tottenham, Portsmouth, Sunderland, Watford Kaboul
12%
336 Fulham, Tottenham, Sunderland Malbranque
11%
281 Newcastle, Wigan, Aston Villa N'zogbia
8%
195 Blackburn, Stoke City N'zonzi
6%
201 Middlesbrough, Fulham, Birmingham Queudrue
2%
Aucun quiz correspondant
Distribution des résultats
% des personnes avec chaque résultat
Percentile par nombre de réponses
Votre historique - résultats
Vous n’avez pas pris ce quiz